[Event "DVM U20 2023"]
[Site "Magdeburg GER"]
[Date "2023.12.27"]
[Round "2"]
[White "Triantafillidis, Simeon"]
[Black "Rose, Daniel"]
[Result "0-1"]
[Termination "normal"]
[Board "6.2"]
[WhiteElo "2026"]
[BlackElo "1866"]
[WhiteClock "00:21:58"]
[BlackClock "00:28:51"]
[WhiteTeam "SF HN-Biberach 1978"]
[BlackTeam "SV Königsjäger Süd-West"]
[PlyCount "102"]
[WhiteFideId "12953113"]
[BlackFideId "16242963"]
[EventCountry "GER"]
[EventRounds "7"]
[EventType "team-swiss"]
[EventDate "2023.12.26"]

1. e4 {[%clk 01:30:56]} {[%emt 00:00:03]} e6 {[%clk 01:30:21]} {[%emt
00:00:40]} 2. d4 {[%clk 01:31:16]} {[%emt 00:00:10]} d5 {[%clk 01:30:28]}
{[%emt 00:00:24]} 3. exd5 {[%clk 01:31:38]} {[%emt 00:00:08]} exd5 {[%clk
01:30:52]} {[%emt 00:00:05]} 4. Nf3 {[%clk 01:31:50]} {[%emt 00:00:18]} Nf6
{[%clk 01:30:48]} {[%emt 00:00:36]} 5. Bd3 {[%clk 01:32:11]} {[%emt 00:00:08]}
Be7 {[%clk 01:29:30]} {[%emt 00:01:49]} 6. O-O {[%clk 01:32:23]} {[%emt
00:00:17]} O-O {[%clk 01:29:56]} {[%emt 00:00:05]} 7. Bf4 {[%clk 01:32:02]}
{[%emt 00:00:50]} Bg4 {[%clk 01:29:42]} {[%emt 00:00:44]} 8. Nbd2 {[%clk
01:31:06]} {[%emt 00:01:27]} c5 {[%clk 01:22:48]} {[%emt 00:07:24]} 9. c3
{[%clk 01:28:17]} {[%emt 00:03:19]} cxd4 {[%clk 01:22:54]} {[%emt 00:00:24]}
10. cxd4 {[%clk 01:28:39]} {[%emt 00:00:08]} Nc6 {[%clk 01:23:14]} {[%emt
00:00:11]} 11. Qb3 {[%clk 01:22:19]} {[%emt 00:06:49]} Bb4 {[%clk 01:12:52]}
{[%emt 00:10:52]} 12. Be5 {[%clk 01:20:15]} {[%emt 00:02:33]} Nd7 {[%clk
01:09:53]} {[%emt 00:03:29]} 13. Bb5 {[%clk 01:09:26]} {[%emt 00:11:19]} Bxd2
{[%clk 00:59:55]} {[%emt 00:10:28]} 14. Nxd2 {[%clk 01:00:35]} {[%emt
00:09:20]} Ndxe5 {[%clk 01:00:12]} {[%emt 00:00:14]} 15. dxe5 {[%clk 01:01:03]}
{[%emt 00:00:01]} Nxe5 {[%clk 00:51:09]} {[%emt 00:09:35]} 16. Ba4 {[%clk
00:48:16]} {[%emt 00:13:16]} Qa5 {[%clk 00:42:21]} {[%emt 00:09:19]} 17. Qe3
{[%clk 00:24:01]} {[%emt 00:24:45]} Qxa4 {[%clk 00:41:58]} {[%emt 00:00:52]}
18. Qxe5 {[%clk 00:24:27]} {[%emt 00:00:04]} Rfe8 {[%clk 00:38:37]} {[%emt
00:03:51]} 19. Qxd5 {[%clk 00:15:54]} {[%emt 00:09:03]} Rad8 {[%clk 00:38:51]}
{[%emt 00:00:16]} 20. Qb3 {[%clk 00:15:44]} {[%emt 00:00:40]} Qxb3 {[%clk
00:26:10]} {[%emt 00:13:11]} 21. Nxb3 {[%clk 00:16:13]} {[%emt 00:00:02]} Re2
{[%clk 00:26:01]} {[%emt 00:00:38]} 22. f3 {[%clk 00:15:08]} {[%emt 00:01:35]}
Be6 {[%clk 00:24:40]} {[%emt 00:01:51]} 23. Rf2 {[%clk 00:14:50]} {[%emt
00:00:49]} Rxf2 {[%clk 00:24:40]} {[%emt 00:00:30]} 24. Kxf2 {[%clk 00:15:19]}
Bxb3 {[%clk 00:22:46]} {[%emt 00:02:24]} 25. axb3 {[%clk 00:15:47]} Rd2+ {[%clk
00:23:05]} {[%emt 00:00:11]} 26. Kg3 {[%clk 00:16:16]} {[%emt 00:00:01]} a6
{[%clk 00:23:11]} {[%emt 00:00:25]} 27. Rc1 {[%clk 00:16:39]} {[%emt 00:00:07]}
g6 {[%clk 00:23:00]} {[%emt 00:00:41]} 28. Rc7 {[%clk 00:17:02]} {[%emt
00:00:08]} b5 {[%clk 00:23:22]} {[%emt 00:00:06]} 29. Ra7 {[%clk 00:16:03]}
{[%emt 00:01:29]} Rxb2 {[%clk 00:23:23]} {[%emt 00:00:30]} 30. Rxa6 {[%clk
00:16:28]} {[%emt 00:00:03]} Rxb3 {[%clk 00:23:48]} {[%emt 00:00:06]} 31. Rb6
{[%clk 00:16:34]} {[%emt 00:00:25]} Rb1 {[%clk 00:22:20]} {[%emt 00:01:58]} 32.
Kf4 {[%clk 00:16:20]} {[%emt 00:00:43]} b4 {[%clk 00:22:34]} {[%emt 00:00:16]}
33. h4 {[%clk 00:11:52]} {[%emt 00:04:58]} b3 {[%clk 00:20:34]} {[%emt
00:02:30]} 34. Kg5 {[%clk 00:11:36]} {[%emt 00:00:46]} Kg7 {[%clk 00:20:31]}
{[%emt 00:00:32]} 35. Kf4 {[%clk 00:08:22]} {[%emt 00:03:45]} b2 {[%clk
00:17:30]} {[%emt 00:03:31]} 36. g4 {[%clk 00:03:46]} {[%emt 00:05:06]} h6
{[%clk 00:17:41]} {[%emt 00:00:19]} 37. h5 {[%clk 00:02:20]} {[%emt 00:01:55]}
g5+ {[%clk 00:03:45]} {[%emt 00:14:25]} 38. Kf5 {[%clk 00:02:47]} {[%emt
00:00:04]} Rf1 {[%clk 00:04:10]} {[%emt 00:00:04]} 39. Rxb2 {[%clk 00:03:10]}
{[%emt 00:00:07]} Rxf3+ {[%clk 00:04:36]} {[%emt 00:00:05]} 40. Ke5 {[%clk
00:03:30]} {[%emt 00:00:09]} Rf4 {[%clk 00:04:29]} {[%emt 00:00:38]} 41. Rg2
{[%clk 00:03:18]} {[%emt 00:00:42]} Ra4 {[%clk 00:02:49]} {[%emt 00:02:10]} 42.
Rg1 {[%clk 00:01:56]} {[%emt 00:01:52]} Ra5+ {[%clk 00:03:00]} {[%emt
00:00:19]} 43. Ke4 {[%clk 00:02:00]} {[%emt 00:00:25]} f5+ {[%clk 00:02:36]}
{[%emt 00:00:55]} 44. gxf5 {[%clk 00:01:16]} {[%emt 00:01:14]} Kf6 {[%clk
00:03:04]} {[%emt 00:00:03]} 45. Rb1 {[%clk 00:30:25]} {[%emt 00:01:21]} Ra4+
{[%clk 00:31:16]} {[%emt 00:02:18]} 46. Kf3 {[%clk 00:30:26]} {[%emt 00:00:29]}
g4+ {[%clk 00:30:01]} {[%emt 00:01:45]} 47. Kg3 {[%clk 00:30:16]} {[%emt
00:00:40]} Kg5 {[%clk 00:29:56]} {[%emt 00:00:35]} 48. f6 {[%clk 00:29:58]}
{[%emt 00:00:48]} Ra3+ {[%clk 00:30:22]} {[%emt 00:00:03]} 49. Kg2 {[%clk
00:30:17]} {[%emt 00:00:12]} Rf3 {[%clk 00:28:41]} {[%emt 00:02:11]} 50. Rb8
{[%clk 00:21:32]} {[%emt 00:09:15]} Rxf6 {[%clk 00:28:34]} {[%emt 00:00:37]}
51. Kg3 {[%clk 00:21:58]} {[%emt 00:00:04]} Rf3+ {[%clk 00:28:51]} {[%emt
00:00:13]} 0-1

[Event "DVM U20 2023"]
[Site "Magdeburg GER"]
[Date "2023.12.27"]
[Round "2"]
[White "Boissel, Kasimir"]
[Black "Späth, René"]
[Result "1-0"]
[Termination "normal"]
[Board "6.3"]
[WhiteElo "1819"]
[BlackElo "1588"]
[WhiteClock "00:19:49"]
[BlackClock "00:09:21"]
[WhiteTeam "SV Königsjäger Süd-West"]
[BlackTeam "SF HN-Biberach 1978"]
[PlyCount "71"]
[WhiteFideId "16298209"]
[BlackFideId "16224272"]
[EventCountry "GER"]
[EventRounds "7"]
[EventType "team-swiss"]
[EventDate "2023.12.26"]

1. d4 {[%clk 01:30:57]} {[%emt 00:00:04]} d5 {[%clk 01:30:54]} {[%emt
00:00:06]} 2. c4 {[%clk 01:31:22]} {[%emt 00:00:05]} e6 {[%clk 01:31:20]}
{[%emt 00:00:04]} 3. Nc3 {[%clk 01:31:47]} {[%emt 00:00:04]} Nf6 {[%clk
01:31:45]} {[%emt 00:00:05]} 4. cxd5 {[%clk 01:32:03]} {[%emt 00:00:14]} exd5
{[%clk 01:30:56]} {[%emt 00:01:19]} 5. Bg5 {[%clk 01:32:25]} {[%emt 00:00:07]}
Nbd7 {[%clk 01:30:33]} {[%emt 00:00:55]} 6. e3 {[%clk 01:32:43]} {[%emt
00:00:11]} c6 {[%clk 01:30:55]} {[%emt 00:00:08]} 7. Bd3 {[%clk 01:33:06]}
{[%emt 00:00:07]} Qb6 {[%clk 01:21:12]} {[%emt 00:10:13]} 8. Qc2 {[%clk
01:33:03]} {[%emt 00:00:33]} Bd6 {[%clk 01:20:47]} {[%emt 00:00:54]} 9. Nge2
{[%clk 01:31:28]} {[%emt 00:02:04]} O-O {[%clk 01:18:39]} {[%emt 00:02:38]} 10.
O-O {[%clk 01:29:16]} {[%emt 00:02:42]} Qc7 {[%clk 01:10:29]} {[%emt 00:08:40]}
11. h3 {[%clk 01:27:11]} {[%emt 00:02:35]} Re8 {[%clk 01:07:31]} {[%emt
00:03:28]} 12. Rac1 {[%clk 01:25:22]} {[%emt 00:02:19]} a6 {[%clk 01:04:32]}
{[%emt 00:03:29]} 13. Rfe1 {[%clk 01:19:40]} {[%emt 00:06:12]} h6 {[%clk
00:57:38]} {[%emt 00:07:23]} 14. Bh4 {[%clk 01:14:37]} {[%emt 00:05:32]} Nh5
{[%clk 00:51:20]} {[%emt 00:06:50]} 15. Nxd5 {[%clk 01:07:30]} {[%emt
00:07:37]} Qb8 {[%clk 00:49:39]} {[%emt 00:02:10]} 16. Ndf4 {[%clk 01:05:56]}
{[%emt 00:02:05]} Nxf4 {[%clk 00:43:28]} {[%emt 00:06:41]} 17. exf4 {[%clk
01:06:01]} {[%emt 00:00:26]} Nf8 {[%clk 00:41:33]} {[%emt 00:02:25]} 18. Bg3
{[%clk 01:01:38]} {[%emt 00:04:53]} Ne6 {[%clk 00:38:01]} {[%emt 00:04:02]} 19.
f5 {[%clk 00:58:14]} {[%emt 00:03:55]} Ng5 {[%clk 00:32:37]} {[%emt 00:05:53]}
20. Bxd6 {[%clk 00:48:03]} {[%emt 00:10:41]} Qxd6 {[%clk 00:32:59]} {[%emt
00:00:07]} 21. Ng3 {[%clk 00:47:36]} {[%emt 00:00:58]} Bd7 {[%clk 00:30:00]}
{[%emt 00:03:29]} 22. Qc5 {[%clk 00:44:42]} {[%emt 00:03:25]} Qc7 {[%clk
00:25:39]} {[%emt 00:04:49]} 23. Re5 {[%clk 00:38:37]} {[%emt 00:06:36]} b6
{[%clk 00:23:13]} {[%emt 00:02:55]} 24. Qc3 {[%clk 00:38:33]} {[%emt 00:00:33]}
Nh7 {[%clk 00:22:39]} {[%emt 00:01:06]} 25. Rce1 {[%clk 00:31:12]} {[%emt
00:07:51]} Nf6 {[%clk 00:20:26]} {[%emt 00:02:42]} 26. Bc4 {[%clk 00:29:47]}
{[%emt 00:01:56]} Qd6 {[%clk 00:18:12]} {[%emt 00:02:43]} 27. Qb3 {[%clk
00:27:07]} {[%emt 00:03:10]} Nd5 {[%clk 00:17:15]} {[%emt 00:01:28]} 28. Ne4
{[%clk 00:23:02]} {[%emt 00:04:34]} Qc7 {[%clk 00:16:51]} {[%emt 00:00:55]} 29.
Nc3 {[%clk 00:22:58]} {[%emt 00:00:33]} Rxe5 {[%clk 00:12:39]} {[%emt
00:04:42]} 30. Rxe5 {[%clk 00:23:10]} {[%emt 00:00:18]} f6 {[%clk 00:11:52]}
{[%emt 00:01:18]} 31. Bxd5+ {[%clk 00:20:03]} {[%emt 00:03:38]} Kh7 {[%clk
00:10:43]} {[%emt 00:01:39]} 32. Re7 {[%clk 00:18:38]} {[%emt 00:01:54]} Qd6
{[%clk 00:10:08]} {[%emt 00:01:05]} 33. Bxc6 {[%clk 00:18:56]} {[%emt
00:00:12]} Bxc6 {[%clk 00:10:01]} {[%emt 00:00:37]} 34. Qf7 {[%clk 00:19:16]}
{[%emt 00:00:10]} Rg8 {[%clk 00:10:12]} {[%emt 00:00:20]} 35. d5 {[%clk
00:19:34]} {[%emt 00:00:13]} Bb5 {[%clk 00:09:21]} {[%emt 00:01:22]} 36. Ne4
{[%clk 00:19:49]} {[%emt 00:00:13]} 1-0

[Event "DVM U20 2023"]
[Site "Magdeburg GER"]
[Date "2023.12.27"]
[Round "2"]
[White "Epp, Magnus"]
[Black "Sandlers, Philipp"]
[Result "1/2-1/2"]
[Termination "normal"]
[Board "6.4"]
[WhiteElo "1478"]
[BlackElo "1795"]
[WhiteTeam "SF HN-Biberach 1978"]
[BlackTeam "SV Königsjäger Süd-West"]
[PlyCount "80"]
[WhiteFideId "16289773"]
[BlackFideId "34606335"]
[EventCountry "GER"]
[EventRounds "7"]
[EventType "team-swiss"]
[EventDate "2023.12.26"]

1. d4 {[%emt 00:27:06]} Nf6 {[%emt 00:00:10]} 2. Nf3 {[%emt 00:00:08]} d5
{[%emt 00:00:14]} 3. e3 {[%emt 00:00:08]} g6 {[%emt 00:00:27]} 4. c4 {[%emt
00:00:44]} c6 {[%emt 00:01:05]} 5. cxd5 {[%emt 00:00:23]} cxd5 {[%emt
00:00:46]} 6. Be2 {[%emt 00:02:16]} Bg7 {[%emt 00:01:01]} 7. O-O {[%emt
00:00:18]} O-O {[%emt 00:00:34]} 8. b3 {[%emt 00:00:21]} Nc6 {[%emt 00:01:06]}
9. Bb2 {[%emt 00:01:47]} Bf5 {[%emt 00:02:56]} 10. Nbd2 {[%emt 00:01:41]} Rc8
{[%emt 00:02:40]} 11. a3 {[%emt 00:01:27]} Na5 {[%emt 00:07:46]} 12. Ne1 {[%emt
00:01:45]} Qb6 {[%emt 00:02:24]} 13. g4 {[%emt 00:02:49]} Bd7 {[%emt 00:03:14]}
14. f3 {[%emt 00:21:04]} Bb5 {[%emt 00:08:10]} 15. Bd3 {[%emt 00:05:52]} Nd7
{[%emt 00:11:21]} 16. Qe2 {[%emt 00:02:59]} Bxd3 {[%emt 00:03:35]} 17. Qxd3
{[%emt 00:00:03]} Qe6 {[%emt 00:06:51]} 18. Ng2 {[%emt 00:03:42]} Qd6 {[%emt
00:06:37]} 19. Rac1 {[%emt 00:04:19]} Nb6 {[%emt 00:05:02]} 20. Bc3 {[%emt
00:04:12]} Nc6 {[%emt 00:01:22]} 21. Bb2 {[%emt 00:01:11]} e6 {[%emt 00:01:36]}
22. f4 {[%emt 00:02:44]} Ne7 {[%emt 00:01:44]} 23. Nh4 {[%emt 00:06:02]} Rxc1
{[%emt 00:02:01]} 24. Rxc1 {[%emt 00:00:13]} Rc8 {[%emt 00:01:21]} 25. Rxc8+
{[%emt 00:01:22]} Nexc8 {[%emt 00:01:45]} 26. g5 {[%emt 00:03:01]} Qc7 {[%emt
00:04:50]} 27. Nhf3 {[%emt 00:02:22]} Nd7 {[%emt 00:02:23]} 28. h4 {[%emt
00:00:45]} Nd6 {[%emt 00:01:04]} 29. Ne5 {[%emt 00:03:01]} Nxe5 {[%emt
00:00:53]} 30. fxe5 {[%emt 00:04:25]} Nf5 {[%emt 00:00:49]} 31. Nf3 {[%emt
00:01:33]} Qa5 {[%emt 00:01:07]} 32. Kf2 {[%emt 00:01:54]} Bf8 {[%emt
00:01:37]} 33. b4 {[%emt 00:05:02]} Qc7 {[%emt 00:01:10]} 34. Qc3 {[%emt
00:00:50]} Qxc3 {[%emt 00:00:52]} 35. Bxc3 {[%emt 00:00:03]} Be7 {[%emt
00:03:43]} 36. Be1 {[%emt 00:02:11]} Kf8 {[%emt 00:01:08]} 37. Ke2 {[%emt
00:00:45]} Ke8 {[%emt 00:00:40]} 38. Kd3 {[%emt 00:00:52]} Kd7 {[%emt
00:01:00]} 39. a4 {[%emt 00:00:25]} Kc6 {[%emt 00:02:43]} 40. Ke2 {[%emt
00:06:44]} a6 {[%emt 00:01:37]} 1/2-1/2

[Event "DVM U20 2023"]
[Site "Magdeburg GER"]
[Date "2023.12.27"]
[Round "2"]
[White "Jäger, Matti"]
[Black "Gerold, Robin"]
[Result "1/2-1/2"]
[Termination "normal"]
[Board "6.5"]
[WhiteElo "1914"]
[BlackElo "1532"]
[WhiteClock "00:18:57"]
[BlackClock "00:10:12"]
[WhiteTeam "SV Königsjäger Süd-West"]
[BlackTeam "SF HN-Biberach 1978"]
[PlyCount "108"]
[WhiteFideId "34631542"]
[BlackFideId "16235185"]
[EventCountry "GER"]
[EventRounds "7"]
[EventType "team-swiss"]
[EventDate "2023.12.26"]

1. b3 {[%clk 01:30:56]} {[%emt 00:00:03]} d5 {[%clk 01:29:36]} {[%emt
00:01:24]} 2. Bb2 {[%clk 01:31:21]} {[%emt 00:00:06]} Bf5 {[%clk 01:27:19]}
{[%emt 00:02:45]} 3. Nf3 {[%clk 01:31:19]} {[%emt 00:00:32]} e6 {[%clk
01:26:48]} {[%emt 00:01:02]} 4. e3 {[%clk 01:31:11]} {[%emt 00:00:37]} Nf6
{[%clk 01:26:50]} {[%emt 00:00:29]} 5. Be2 {[%clk 01:28:57]} {[%emt 00:02:46]}
Nbd7 {[%clk 01:23:29]} {[%emt 00:03:49]} 6. Nh4 {[%clk 01:27:53]} {[%emt
00:01:33]} Bg6 {[%clk 01:23:51]} {[%emt 00:00:10]} 7. d3 {[%clk 01:22:44]}
{[%emt 00:05:38]} Be7 {[%clk 01:16:40]} {[%emt 00:07:42]} 8. Nd2 {[%clk
01:21:19]} {[%emt 00:01:55]} c5 {[%clk 01:02:47]} {[%emt 00:14:23]} 9. c4
{[%clk 01:17:19]} {[%emt 00:04:28]} O-O {[%clk 00:59:09]} {[%emt 00:04:09]} 10.
O-O {[%clk 01:15:51]} {[%emt 00:01:58]} Nb6 {[%clk 00:57:36]} {[%emt 00:02:04]}
11. Nxg6 {[%clk 01:14:27]} {[%emt 00:01:52]} hxg6 {[%clk 00:57:56]} {[%emt
00:00:11]} 12. Qc2 {[%clk 01:12:29]} {[%emt 00:02:28]} dxc4 {[%clk 00:56:38]}
{[%emt 00:01:48]} 13. dxc4 {[%clk 01:12:18]} {[%emt 00:00:40]} Qc7 {[%clk
00:53:25]} {[%emt 00:03:44]} 14. Rad1 {[%clk 01:10:30]} {[%emt 00:02:17]} Rad8
{[%clk 00:51:45]} {[%emt 00:02:11]} 15. Bf3 {[%clk 01:07:58]} {[%emt 00:03:02]}
Nbd7 {[%clk 00:43:24]} {[%emt 00:08:52]} 16. g3 {[%clk 00:46:17]} {[%emt
00:22:10]} Ne5 {[%clk 00:35:37]} {[%emt 00:08:17]} 17. Bxe5 {[%clk 00:42:29]}
{[%emt 00:04:17]} Qxe5 {[%clk 00:36:00]} {[%emt 00:00:08]} 18. Bxb7 {[%clk
00:37:31]} {[%emt 00:05:27]} Qh5 {[%clk 00:24:39]} {[%emt 00:11:51]} 19. Bg2
{[%clk 00:33:45]} {[%emt 00:04:15]} Ng4 {[%clk 00:16:28]} {[%emt 00:08:41]} 20.
Nf3 {[%clk 00:32:42]} {[%emt 00:01:33]} Ne5 {[%clk 00:16:39]} {[%emt 00:00:20]}
21. Qe4 {[%clk 00:29:26]} {[%emt 00:03:48]} Nxf3+ {[%clk 00:16:41]} {[%emt
00:00:28]} 22. Bxf3 {[%clk 00:29:24]} {[%emt 00:00:31]} Qf5 {[%clk 00:16:58]}
{[%emt 00:00:13]} 23. Qb7 {[%clk 00:23:51]} {[%emt 00:06:03]} Bf6 {[%clk
00:16:02]} {[%emt 00:01:28]} 24. Be4 {[%clk 00:22:59]} {[%emt 00:01:21]} Qe5
{[%clk 00:16:02]} {[%emt 00:00:28]} 25. Bg2 {[%clk 00:22:30]} {[%emt 00:00:59]}
Qb8 {[%clk 00:16:17]} {[%emt 00:00:14]} 26. Qe4 {[%clk 00:17:21]} {[%emt
00:05:40]} Qc7 {[%clk 00:09:26]} {[%emt 00:07:22]} 27. h4 {[%clk 00:13:38]}
{[%emt 00:04:12]} Qa5 {[%clk 00:05:49]} {[%emt 00:04:07]} 28. Qc2 {[%clk
00:13:13]} {[%emt 00:00:56]} Qc3 {[%clk 00:05:48]} {[%emt 00:00:31]} 29. Qxc3
{[%clk 00:11:41]} {[%emt 00:02:01]} Bxc3 {[%clk 00:06:12]} {[%emt 00:00:06]}
30. Bc6 {[%clk 00:09:02]} {[%emt 00:03:08]} Bf6 {[%clk 00:05:36]} {[%emt
00:01:08]} 31. Bd7 {[%clk 00:07:56]} {[%emt 00:01:36]} Be7 {[%clk 00:03:39]}
{[%emt 00:03:27]} 32. Rd2 {[%clk 00:07:17]} {[%emt 00:01:09]} Rb8 {[%clk
00:03:50]} {[%emt 00:00:19]} 33. Rfd1 {[%clk 00:07:04]} {[%emt 00:00:43]} Rfd8
{[%clk 00:03:34]} {[%emt 00:00:46]} 34. Kf1 {[%clk 00:06:19]} {[%emt 00:01:14]}
g5 {[%clk 00:01:49]} {[%emt 00:02:15]} 35. hxg5 {[%clk 00:06:13]} {[%emt
00:00:36]} Bxg5 {[%clk 00:02:14]} {[%emt 00:00:05]} 36. Ke2 {[%clk 00:06:22]}
{[%emt 00:00:21]} Kf8 {[%clk 00:01:58]} {[%emt 00:00:45]} 37. f4 {[%clk
00:06:25]} {[%emt 00:00:27]} Bf6 {[%clk 00:02:19]} {[%emt 00:00:11]} 38. g4
{[%clk 00:05:41]} {[%emt 00:01:13]} Bc3 {[%clk 00:01:23]} {[%emt 00:01:28]} 39.
Rd3 {[%clk 00:05:30]} {[%emt 00:00:40]} Ba5 {[%clk 00:01:40]} {[%emt 00:00:13]}
40. e4 {[%clk 00:05:11]} {[%emt 00:00:48]} Ke7 {[%clk 00:01:16]} {[%emt
00:00:54]} 41. Ke3 {[%clk 00:03:45]} {[%emt 00:01:53]} Rb7 {[%clk 00:28:55]}
{[%emt 00:02:55]} 42. Ba4 {[%clk 00:33:10]} {[%emt 00:01:04]} Rxd3+ {[%clk
00:28:43]} {[%emt 00:00:43]} 43. Rxd3 {[%clk 00:33:25]} {[%emt 00:00:15]} Bb4
{[%clk 00:28:03]} {[%emt 00:01:09]} 44. e5 {[%clk 00:29:08]} {[%emt 00:04:47]}
Rc7 {[%clk 00:23:35]} {[%emt 00:04:58]} 45. Ke4 {[%clk 00:29:20]} {[%emt
00:00:19]} Ba3 {[%clk 00:23:28]} {[%emt 00:00:38]} 46. f5 {[%clk 00:25:41]}
{[%emt 00:04:08]} exf5+ {[%clk 00:19:40]} {[%emt 00:04:19]} 47. gxf5 {[%clk
00:25:46]} {[%emt 00:00:24]} Bb2 {[%clk 00:18:03]} {[%emt 00:02:07]} 48. Rh3
{[%clk 00:24:12]} {[%emt 00:02:04]} Rc8 {[%clk 00:17:30]} {[%emt 00:01:04]} 49.
Rh7 {[%clk 00:23:12]} {[%emt 00:01:28]} Rg8 {[%clk 00:16:55]} {[%emt 00:01:05]}
50. Bc6 {[%clk 00:23:12]} {[%emt 00:00:30]} g6 {[%clk 00:12:22]} {[%emt
00:05:05]} 51. Bd5 {[%clk 00:19:27]} {[%emt 00:04:13]} gxf5+ {[%clk 00:11:58]}
{[%emt 00:00:55]} 52. Kxf5 {[%clk 00:19:45]} {[%emt 00:00:11]} Rf8 {[%clk
00:11:51]} {[%emt 00:00:39]} 53. e6 {[%clk 00:19:47]} {[%emt 00:00:27]} a5
{[%clk 00:12:03]} {[%emt 00:00:17]} 54. exf7 {[%clk 00:18:57]} {[%emt
00:01:19]} Rh8 {[%clk 00:10:12]} {[%emt 00:02:23]} *

[Event "DVM U20 2023"]
[Site "Magdeburg GER"]
[Date "2023.12.27"]
[Round "2"]
[White "Martsfeld, Jonas"]
[Black "Liu, Jonas"]
[Result "0-1"]
[Termination "normal"]
[Board "6.6"]
[WhiteElo "1421"]
[BlackElo "1761"]
[WhiteClock "00:04:39"]
[BlackClock "00:10:10"]
[WhiteTeam "SF HN-Biberach 1978"]
[BlackTeam "SV Königsjäger Süd-West"]
[PlyCount "73"]
[WhiteFideId "16255640"]
[BlackFideId "34633960"]
[EventCountry "GER"]
[EventRounds "7"]
[EventType "team-swiss"]
[EventDate "2023.12.26"]

1. e4 {[%clk 01:30:57]} {[%emt 00:00:02]} c5 {[%clk 01:30:53]} {[%emt
00:00:08]} 2. Nf3 {[%clk 01:30:50]} {[%emt 00:00:38]} a6 {[%clk 01:31:14]}
{[%emt 00:00:08]} 3. Nc3 {[%clk 01:30:21]} {[%emt 00:00:59]} b5 {[%clk
01:31:26]} {[%emt 00:00:17]} 4. d3 {[%clk 01:29:30]} {[%emt 00:01:22]} Bb7
{[%clk 01:31:38]} {[%emt 00:00:18]} 5. Bf4 {[%clk 01:27:49]} {[%emt 00:02:11]}
e6 {[%clk 01:31:05]} {[%emt 00:01:03]} 6. Be2 {[%clk 01:24:31]} {[%emt
00:03:49]} Be7 {[%clk 01:27:40]} {[%emt 00:03:54]} 7. O-O {[%clk 01:24:07]}
{[%emt 00:00:54]} d6 {[%clk 01:27:29]} {[%emt 00:00:42]} 8. a4 {[%clk
01:12:33]} {[%emt 00:12:05]} b4 {[%clk 01:21:07]} {[%emt 00:06:52]} 9. Nb1
{[%clk 01:12:55]} {[%emt 00:00:08]} d5 {[%clk 01:19:04]} {[%emt 00:02:32]} 10.
exd5 {[%clk 01:09:34]} {[%emt 00:03:52]} Bxd5 {[%clk 01:13:55]} {[%emt
00:05:38]} 11. Nfd2 {[%clk 01:07:08]} {[%emt 00:02:55]} Nf6 {[%clk 01:07:42]}
{[%emt 00:06:44]} 12. Bf3 {[%clk 01:06:52]} {[%emt 00:00:47]} Nc6 {[%clk
01:06:50]} {[%emt 00:01:21]} 13. Nc4 {[%clk 00:42:14]} {[%emt 00:25:07]} a5
{[%clk 00:58:13]} {[%emt 00:09:06]} 14. c3 {[%clk 00:33:05]} {[%emt 00:09:39]}
O-O {[%clk 00:53:37]} {[%emt 00:05:07]} 15. Nbd2 {[%clk 00:30:47]} {[%emt
00:02:49]} Ra7 {[%clk 00:46:34]} {[%emt 00:07:31]} 16. Ne3 {[%clk 00:26:21]}
{[%emt 00:04:56]} Rd7 {[%clk 00:42:06]} {[%emt 00:04:58]} 17. Be2 {[%clk
00:20:47]} {[%emt 00:06:05]} e5 {[%clk 00:39:40]} {[%emt 00:02:56]} 18. Bg5
{[%clk 00:13:22]} {[%emt 00:07:55]} e4 {[%clk 00:30:10]} {[%emt 00:09:59]} 19.
Bxf6 {[%clk 00:13:31]} {[%emt 00:00:20]} Bxf6 {[%clk 00:29:04]} {[%emt
00:01:37]} 20. Nxd5 {[%clk 00:13:30]} {[%emt 00:00:32]} Rxd5 {[%clk 00:28:51]}
{[%emt 00:00:43]} 21. Nxe4 {[%clk 00:13:50]} {[%emt 00:00:11]} Ne5 {[%clk
00:26:37]} {[%emt 00:02:43]} 22. Nxf6+ {[%clk 00:13:37]} {[%emt 00:00:43]} Qxf6
{[%clk 00:25:27]} {[%emt 00:01:40]} 23. Qc2 {[%clk 00:13:12]} {[%emt 00:00:55]}
Rfd8 {[%clk 00:25:14]} {[%emt 00:00:44]} 24. Rad1 {[%clk 00:13:23]} {[%emt
00:00:19]} Qg6 {[%clk 00:24:31]} {[%emt 00:01:12]} 25. cxb4 {[%clk 00:11:13]}
{[%emt 00:02:40]} cxb4 {[%clk 00:24:58]} {[%emt 00:00:03]} 26. Rd2 {[%clk
00:11:01]} {[%emt 00:00:43]} Rd4 {[%clk 00:18:37]} {[%emt 00:06:51]} 27. b3
{[%clk 00:09:16]} {[%emt 00:02:15]} h6 {[%clk 00:18:00]} {[%emt 00:01:07]} 28.
Rfd1 {[%clk 00:09:19]} {[%emt 00:00:27]} Nd7 {[%clk 00:16:57]} {[%emt
00:01:33]} 29. Qc7 {[%clk 00:09:23]} {[%emt 00:00:25]} Nb6 {[%clk 00:16:44]}
{[%emt 00:00:43]} 30. Qg3 {[%clk 00:09:09]} {[%emt 00:00:44]} Qe6 {[%clk
00:16:22]} {[%emt 00:00:52]} 31. Qc7 {[%clk 00:08:05]} {[%emt 00:01:35]} Rc8
{[%clk 00:15:23]} {[%emt 00:01:29]} 32. Qa7 {[%clk 00:08:00]} {[%emt 00:00:31]}
Ra8 {[%clk 00:13:21]} {[%emt 00:02:36]} 33. Qc7 {[%clk 00:07:47]} {[%emt
00:00:42]} Rd7 {[%clk 00:12:40]} {[%emt 00:01:11]} 34. Qc5 {[%clk 00:07:43]}
{[%emt 00:00:32]} Rd5 {[%clk 00:10:56]} {[%emt 00:02:16]} 35. Qe3 {[%clk
00:06:41]} {[%emt 00:01:33]} Re5 {[%clk 00:10:10]} {[%emt 00:01:15]} 36. Qd4
{[%emt 00:00:13]} Rxe2 {[%emt 00:00:37]} 37. Qb2 {[%clk 00:04:39]} {[%emt
00:01:42]} 0-1